International Business. (Record no. 5887)

MARC details
005 - DATE AND TIME OF LATEST TRANSACTION
control field 20250628082824.0
020 ## - INTERNATIONAL STANDARD BOOK NUMBER
International Standard Book Number 0-07-339750-4
082 ## - DEWEY DECIMAL CLASSIFICATION NUMBER
Classification number 658.049 ROB
245 ## - TITLE STATEMENT
Title International Business.
260 ## - PUBLICATION, DISTRIBUTION, ETC.
Place of publication, distribution, etc. New York,
Name of publisher, distributor, etc. McGraw Hill,
Date of publication, distribution, etc. 2008.
300 ## - PHYSICAL DESCRIPTION
Extent xxv, 237p.:
Other physical details Index
Dimensions 26cm
942 ## - ADDED ENTRY ELEMENTS (KOHA)
Source of classification or shelving scheme Dewey Decimal Classification
Koha item type Books
Holdings
Date last seen Total checkouts Full call number Barcode Cost, replacement price Price effective from Koha item type Lost status Source of classification or shelving scheme Damaged status Not for loan Withdrawn status Home library Current library Shelving location Date acquired Cost, normal purchase price
06/28/2025   658.049 ROB DOM0002312 75000.00 06/28/2025 Books   Dewey Decimal Classification       CBE Dodoma CBE Dodoma General Collection 12/20/2010 25000.00
06/28/2025   658.049 ROB DOM0002066 75000.00 06/28/2025 Books   Dewey Decimal Classification       CBE Dodoma CBE Dodoma General Collection 12/20/2010 25000.00
07/01/2025   302.35 FER DOM0002034 75000.00 07/01/2025 Books   Dewey Decimal Classification       CBE Dodoma CBE Dodoma General Collection 12/20/2010 25000.00